01859nam a2200409 a 4500001001000000003000500010005001700015008004100032010001100073011001100084040000900095090001000104100004100114245020800155260004100363500006000404502010900464590003700573590004000610590004000650590004000690590004000730590004000770650004500810650003800855650006300893650005200956650004701008856001601055856007001071901000701141942001001148942000601158999001901164952013101183952013501314000113994CHAP20220329144422.0171017s2017 mx a fsm |||||||spa d a110455 a111427 cCHAP aTesis1 aAguilera Blanco, Ana María913382110aIdentificación y evaluación de fungicidas in vitro de pudrición morena (Monilinia fructicola (Winter) Honey) en durazno (Prunus persica (L) Batsch) /h[En línea]cpor Ana María Aguilera Blanco. aChapingo, Méx. :bEl autor,c2017. aPara ver el contenido del material haga clic en la liga aTesis (Ing. Agr. Esp. en Parasitología Agrícola) -- UACH. Departamento de Parasitología Agrícola aBATCHb00c20181121lUCH01h0758 aE8697GMMb05c20171017lUCH01h0952 aE8697GMMb05c20171017lUCH01h1011 aE8697GMMb05c20171017lUCH01h1206 aE8697GMMb05c20171017lUCH01h1207 aE8697GMMb05c20171017lUCH01h121314aDuraznoxEnfermedades por hongos.93459514aFungicidasxAplicación.912660414aMonilinia fructicolaxFisiología y morfología.913382014aMonilinia fructicolaxIdentificación.913381914aPudrición de la raízxDurazno.9129659 a1 n0000123 aFinding aiduhttp://10.13.5.2/tesis/sist113994.pdfzTeclea aquí aBK cTESIS n0 c110455d110455 00104054718TESISaBCbBCd2017-10-17fTESISl0oTesisp113995-10r2019-12-31 00:00:00w2019-12-31yTESISzRecien adquirido 00102local4053708TESISaBCbBCcPA_TESISd2017-10-17fTESISl0oTesisp113995-20r2019-12-31 00:00:00tc.2w2019-12-31yTESIS